| 000 | 01214nam a2200229Ia 4500 | ||
|---|---|---|---|
| 003 | Ost | ||
| 005 | 20260507075014.0 | ||
| 008 | 260507s9999||||xx |||||||||||||| ||und|| | ||
| 040 | _cfsecg | ||
| 041 | _aara | ||
| 082 | _a332.38 | ||
| 100 |
_aعطية، أحمد صلاح _eمؤلف |
||
| 245 | 0 |
_aمحاسبة شركات التأمين : _bمعد طبقا لأحدث المعايير المحاسبية الصادرة بشأن شركات التأمين وإعادة التأمين المصرية وقواعد إعداد قوائمها المالية / _c أحمد صلاح عطية |
|
| 260 |
_aالقاهرة: _bالدار الجامعية, _c2003 |
||
| 300 |
_a192 صفحة؛ _bإيضاحات ؛ _c24 سم |
||
| 490 | _aمحاسبة المنشآت المالية | ||
| 520 | _aطبيعة أنشطة التأمين-النظام المحاسبي في شركات التأمين-الأنشطة الرئيسية لشركات التأمين-الإستثمارات في شركات التأمين-التقارير المحاسبية في شركات التأمين | ||
| 653 | _aالتأمين - البنوك | ||
| 653 | _aالشركات-محاسبة | ||
| 653 | _aشركات التأمين | ||
| 942 | _cكتاب | ||
| 999 |
_c42187 _d42187 |
||